Phố phường Hà Nội xưa

Gardado en:
Detalles Bibliográficos
Autor Principal: Hoàng Đạo Thúy
Formato: Libro
Idioma:Undetermined
Publicado: Hà Nội VHTT 2000
Những chủ đề:
Các nhãn: Engadir etiqueta
Sen Etiquetas, Sexa o primeiro en etiquetar este rexistro!
Thư viện lưu trữ: Trung tâm Học liệu Trường Đại học Cần Thơ
LEADER 00521nam a2200169Ia 4500
001 CTU_39569
008 210402s9999 xx 000 0 und d
082 |a 895.9223 
082 |b Th523 
100 |a Hoàng Đạo Thúy 
245 0 |a Phố phường Hà Nội xưa 
245 0 |c Hoàng Đạo Thúy 
260 |a Hà Nội 
260 |b VHTT 
260 |c 2000 
650 |a vietnamese fiction - 20th century,vietnamese literature - 20th century 
980 |a Trung tâm Học liệu Trường Đại học Cần Thơ